Taylor Swift - Paroles Glitch - Statistiques

Statistiques générales
  • Ce quiz a été pris 27 fois
  • Le résultat moyen est 183 sur 214
Statistiques - réponses
Hint Réponse % Correct
a
100%
Bridge A
100%
and
100%
And
100%
be
100%
been
100%
glitch,
100%
glitch
100%
Refrain Glitch
100%
Couplet 2 | Refrain I
100%
I'm
100%
It
100%
no
100%
so
100%
sorry
100%
think
100%
even
95%
in
95%
In
95%
just
95%
my
95%
not
95%
of
95%
out
95%
some
95%
The
95%
to
95%
was
95%
Couplet 1 We
95%
we
95%
were
95%
what
95%
You
95%
you
95%
but
89%
But
89%
don't
89%
friends
89%
it's
89%
live
89%
love
89%
oh,
89%
on
89%
part
89%
see
89%
system
89%
there's
89%
weekend
89%
what's
89%
down
84%
down)
84%
I'll
84%
ship
84%
situation
84%
supposed
84%
that's
84%
with
84%
yeah
84%
5
79%
are
79%
breaking
79%
Depending
79%
had
79%
kind
79%
let's
79%
mood
79%
must
79%
myself
79%
seconds
79%
stitch,
79%
stitch
79%
system's
79%
town,
79%
back
74%
blood
74%
chance
74%
dance
74%
days
74%
go
74%
later,
74%
maybe
74%
our
74%
playground
74%
romance,
74%
thought
74%
who
74%
blackout
68%
I'd
68%
moonlit
68%
someone
68%
counterfeit
63%
else's
63%
interruption,
63%
nothing
63%
sweat
63%
give
58%
glorious
58%
brief
53%
dudes
53%
Nights
53%
search
53%
starry,
53%
wanting
53%
2190
47%
fastening
47%
malfunction
47%
slight
47%
happenings
42%
happenstance
42%
Aucun quiz correspondant
Distribution des résultats
% des personnes avec chaque résultat
Percentile par nombre de réponses
Votre historique - résultats
Vous n’avez pas pris ce quiz